'K' in Religion Quiz Stats

 Plays Quiz not verified by Sporcle

Score 0/12 Timer 03:00
0 Plays Today
Question Answer Wrong Answers
Fit for consumption according to Jewish dietary law Kosher
84.8%
Kippah
3.4%
Kil'ayim
2%
Khubz
2.2%
The concept of actions having consequences in Indian religions Karma
84.8%
Kangha
2.2%
Kanna
2.8%
Kama
3.1%
School of spiritual mysticism originating in Judaism Kabbalah
75.6%
Kabaddi
7.3%
Karbala
7.1%
Kayfabe
2.4%
Holy building towards which Muslims pray Kaʿbah
75.5%
Khobar
8%
Kubica
6.7%
Kabylie
2.7%
Equine water-spirit of Scots folklore Kelpie
57.7%
Keir
12.1%
Killiecrankie
11.3%
Kincaid
11.3%
Jewish Shabbat blessing of wine or grape juice Kiddush
46.4%
Kadesh
26.5%
Kedushah
7.1%
Kedah
12.6%
The spirits or essences worshipped in Shinto Kami
42%
Kabuki
29.8%
Kudi
15%
Kimono
6%
First wife of the Prophet Mohammed Khadija
40.8%
Khedive
3.3%
Khedira
13.3%
Khalifa
35.2%
Hindu deity: often depicted standing on her consort's prostrate body Kali
37.2%
Krishna
47.4%
Kartikeya
3.4%
Kamadhenu
4.6%
Sikh dagger: one of the five articles of faith Kirpan
33.4%
Kurgan
16.8%
Kukri
33.4%
Kampong
8.5%
Mountain sacred to the Limbu people of Nepal & Sikkim Kangchenjunga
30.4%
K2
43.7%
Khan Tengri
13.3%
Korzhenevskaya
5.2%
Warrior caste of Hindu society Kshatriya
29.4%
Kāṣāya
12.8%
Kish
21.7%
Kashgar
28.4%

You're not logged in!

Compare scores with friends on all Sporcle quizzes.
OR
Log In

You Might Also Like...

Show Comments

Extras

Top Quizzes Today


Score Distribution

Your Account Isn't Verified!

In order to create a playlist on Sporcle, you need to verify the email address you used during registration. Go to your Sporcle Settings to finish the process.

Report this User

Report this user for behavior that violates our Community Guidelines.

Details: